<?xml version="1.0" encoding="UTF-8"?><?xml-stylesheet type="text/xsl" href="static/style.xsl"?><OAI-PMH xmlns="http://www.openarchives.org/OAI/2.0/" xmlns:xsi="http://www.w3.org/2001/XMLSchema-instance" xsi:schemaLocation="http://www.openarchives.org/OAI/2.0/ http://www.openarchives.org/OAI/2.0/OAI-PMH.xsd"><responseDate>2026-04-17T06:27:08Z</responseDate><request verb="GetRecord" identifier="oai:www.recercat.cat:2117/113772" metadataPrefix="marc">https://recercat.cat/oai/request</request><GetRecord><record><header><identifier>oai:recercat.cat:2117/113772</identifier><datestamp>2025-07-22T18:44:19Z</datestamp><setSpec>com_2072_1033</setSpec><setSpec>col_2072_452951</setSpec></header><metadata><record xmlns="http://www.loc.gov/MARC21/slim" xmlns:dcterms="http://purl.org/dc/terms/" xmlns:xsi="http://www.w3.org/2001/XMLSchema-instance" xmlns:doc="http://www.lyncode.com/xoai" xsi:schemaLocation="http://www.loc.gov/MARC21/slim http://www.loc.gov/standards/marcxml/schema/MARC21slim.xsd">
   <leader>00925njm 22002777a 4500</leader>
   <datafield ind2=" " ind1=" " tag="042">
      <subfield code="a">dc</subfield>
   </datafield>
   <datafield ind2=" " ind1=" " tag="720">
      <subfield code="a">Mont	 Lecocq, Enric</subfield>
      <subfield code="e">author</subfield>
   </datafield>
   <datafield ind2=" " ind1=" " tag="260">
      <subfield code="c">2017-10</subfield>
   </datafield>
   <datafield ind2=" " ind1=" " tag="520">
      <subfield code="a">1r Premi Domènec Valero 2018</subfield>
   </datafield>
   <datafield ind2=" " ind1=" " tag="520">
      <subfield code="a">La voluntat de millorar la seguretat del producte “avalancheur”, (sistema de control d’allaus que dispara fletxes explosives des de un canó pneumàtic per fer  caure  les  acumulacions  de  neu  perilloses),  ha  impulsat  el  disseny  d’una  nova fletxa explosiva, la qual porta incorporat un nou sistema de detonació electrònic que utilitza un aerogenerador, que carrega elèctricament la fletxa durant el vol. Més endavant veurem que des de la implementació d’aquest nou  sistema  electrònic  s’ha  registrat  un  desplaçament  lateral  de  la  trajectòria de la fletxa de 150 m sobre 1000 m en els tirs de proba realitzats.&#xd;
Aquest  estudi  comprèn  la  fase  de  disseny  del  nou  sistema  de  detonació  electrònic i el posterior estudi sobre les prestacions de vol del nou prototip per determinar quin és el causant de la seva desviació de vol. &#xd;
Les  proves  realitzades  sobre  l’electrònica  han  demostrat  la  viabilitat  d’aquesta. L’estudi teòric i les simulacions numèriques han determinat que la fletxa  té  un  comportament  inestable  en  vol  causat  per  el  mal  dimensionament  del  seus  alerons,  un  cos  massa  llarg  i  un  marge  estàtic negatiu conseqüent de els dos punts anteriors.  &#xd;
A  partir  d’aquí  s’ha  dissenyat  un  segon  prototip  seguint  les  consignes  donades per el primer anàlisi per mirar de millorar les prestacions de vol de la fletxa. Finalment aquest últim model ha representat una millora en termes d’estabilitat en comparació al precedent model, i una millor adaptació al nou sistema de detonació electrònic tot i que els anàlisis teòrics segueixen jutjant la totalitat de la fletxa com a inestable. Al final del projecte s’han mencionat algunes  consignes  i  millores  per  continuar  amb  el  desenvolupament  del  producte.</subfield>
   </datafield>
   <datafield ind2=" " ind1=" " tag="520">
      <subfield code="a">Award-winning</subfield>
   </datafield>
   <datafield tag="653" ind2=" " ind1=" ">
      <subfield code="a">Àrees temàtiques de la UPC::Enginyeria civil</subfield>
   </datafield>
   <datafield tag="653" ind2=" " ind1=" ">
      <subfield code="a">Avalanches -- Control</subfield>
   </datafield>
   <datafield tag="653" ind2=" " ind1=" ">
      <subfield code="a">Allaus -- Control</subfield>
   </datafield>
   <datafield ind2="0" ind1="0" tag="245">
      <subfield code="a">Disseny d’un nou prototip de fletxa explosiva purgadora d’allaus</subfield>
   </datafield>
</record></metadata></record></GetRecord></OAI-PMH>